Africa's silk road China and India's new economic frontier /

Bibliographic Details
Main Author: Broadman, Harry G.
Corporate Author: ProQuest (Firm)
Other Authors: Isik, Gozde.
Format: Electronic eBook
Language:English
Published: Washington, DC : World Bank, c2007.
Subjects:
Online Access:Click to View
LEADER 01727nam a2200457Ia 4500
001 EBC459353
003 MiAaPQ
005 20200520144314.0
006 m o d |
007 cr cn|||||||||
008 060905s2007 dcuab sb 001 0 eng d
010 |z  2006029062 
020 |z 0821368354 
020 |z 0821368362 
020 |z 9780821368350 
035 |a (MiAaPQ)EBC459353 
035 |a (Au-PeEL)EBL459353 
035 |a (CaPaEBR)ebr10146797 
035 |a (CaONFJC)MIL62197 
035 |a (OCoLC)936300942 
040 |a MiAaPQ  |c MiAaPQ  |d MiAaPQ 
050 4 |a HF1611.Z4  |b C62 2007 
082 0 4 |a 382.096051  |2 22 
100 1 |a Broadman, Harry G. 
245 1 0 |a Africa's silk road  |h [electronic resource] :  |b China and India's new economic frontier /  |c Harry G. Broadman, with contributions from Gozde Isik ... [et al.]. 
260 |a Washington, DC :  |b World Bank,  |c c2007. 
300 |a xxvi, 391 p. :  |b ill., maps. 
504 |a Includes bibliographical references and index. 
533 |a Electronic reproduction. Ann Arbor, MI : ProQuest, 2015. Available via World Wide Web. Access may be limited to ProQuest affiliated libraries. 
651 0 |a Africa  |x Commerce  |z China. 
651 0 |a Africa  |x Commerce  |z India. 
651 0 |a China  |x Commerce  |z Africa. 
651 0 |a India  |x Commerce  |z Africa. 
651 0 |a Africa  |x Foreign economic relations  |z China. 
651 0 |a Africa  |x Foreign economic relations  |z India. 
651 0 |a China  |x Foreign economic relations  |z Africa. 
651 0 |a India  |x Foreign economic relations  |z Africa. 
655 4 |a Electronic books. 
700 1 |a Isik, Gozde. 
710 2 |a ProQuest (Firm) 
856 4 0 |u https://ebookcentral.proquest.com/lib/matrademy/detail.action?docID=459353  |z Click to View